Famous People by Pictures - H - Statistics

General Stats
  • This quiz has been taken 82 times
  • The average score is 8 of 25
Answer Stats
Picture Answer % Correct
Harry
86%
Harry Styles
86%
Harrison Ford
85%
Halle Berry
70%
Hugh Grant
68%
Heidi Klum
65%
Heath Ledger
59%
Helena Bonham Carter
52%
Hugh Laurie
49%
Hailey Bieber
38%
Homer
34%
Hailee Steinfeld
31%
Howie Mandel
31%
Hilary Duff
30%
Halsey
17%
Han
13%
Hozier
6%
Huening Kai
3%
Hyunjin
3%
Hongjoong
1%
Hyuna
1%
Harlan Coben
0%
Huening Bahiyyih
0%
Hyoyeon
0%
Hyungwon
0%
No matching quizzes found
Score Distribution
Percent of People with Each Score
Percentile by Number Answered
Your Score History
You have not taken this quiz